European Countries With Restrictions For People With HIV - Statistics

General Stats
  • This quiz has been taken 14 times
  • The average score is 9 of 9
Answer Stats
Answer % Correct
Andorra
100%
Belarus
100%
Hungary
100%
Russia
100%
Slovakia
100%
Ukraine
100%
Poland
93%
Germany
86%
Moldova
86%
No matching quizzes found
Score Distribution
Percent of People with Each Score
Percentile by Number Answered
Your Score History
You have not taken this quiz